[Event "Gent Gran-ch"]
[Site "Gent Gran"]
[Date "1996.??.??"]
[Round "3"]
[White "Bou Cardo, Jaume"]
[Black "Prat Serra, Joan"]
[Result "0-1"]
[WhiteElo "1795"]
[BlackElo "1940"]
[PlyCount "104"]
[EventDate "1996.??.??"]
[EventType "swiss"]
[EventRounds "9"]
[EventCountry "ESP"]
[SourceTitle "EXT 2003"]
[Source "ChessBase"]
[SourceDate "2002.11.25"]
[SourceVersion "1"]
[SourceVersionDate "2002.11.25"]
[SourceQuality "1"]

1. e4 d5 2. exd5 Qxd5 3. Nc3 Qa5 4. Bc4 Nf6 5. Nf3 Bg4 6. 0-0 e6 7. Be2 Bb4 8. a3 0-0 9. Na2 Bd6 10. d3 c6 11. h3 Bh5 12. d4 Nbd7 13. Nh4 Bxe2 14. Qxe2 h6 15. c4 Qc7 16. g3 Rfe8 17. Qf3 c5 18. d5 exd5 19. cxd5 Ne5 20. Qf5 Qd7 21. f4 Ng6 22. Qxd7 Nxd7 23. Nf5 Bf8 24. Nc3 Nf6 25. Bd2 Rad8 26. Rae1 Rxe1 27. Rxe1 Nxd5 28. Nb5 a6 29. Ba5 b6 30. Rd1 axb5 31. Bxb6 Rb8 32. Ba5 Nb6 33. h4 Nc4 34. Bc3 Ne7 35. Nd6 Nxd6 36. Rxd6 Nf5 37. Rd3 Nd4 38. Kf2 Rd8 39. g4 Ne6 40. Rf3 c4 41. f5 Bc5+ 42. Kg2 Nd4 43. Rf1 Ne2 44. Ba5 Rd3 45. Rf3 Kf8 46. Rxd3 Nf4+ 47. Kf3 Nxd3 48. Bc3 f6 49. Ke4 Ke7 50. Kd5 Kd7 51. g5 Be7 52. gxf6 Bxf6 0-1